Serie A Player of the Month Winners - Statistics

General Stats
  • This quiz has been taken 22 times
  • The average score is 33 of 54
Answer Stats
Team Player % Correct
Dec Fiorentina Dusan Vlahovic
95%
Jan Juventus Dusan Vlahovic
95%
Oct Inter Milan Lautaro Martinez
89%
Apr Napoli Scott McTominay
84%
May Juventus Khephren Thuram
79%
Aug Napoli Khvicha Kvaratskhelia
79%
Feb Napoli Khvicha Kvaratskhelia
79%
Mar Napoli Khvicha Kvaratskhelia
79%
Sep Napoli Khvicha Kvaratskhelia
79%
Aug Inter Milan Marcus Thuram
79%
Jul Juventus Paulo Dybala
79%
Nov Roma Paulo Dybala
79%
Feb Roma Paulo Dybala
79%
Apr Roma Paulo Dybala
79%
Dec Roma Paulo Dybala
79%
Oct AC Milan Rafael Leao
79%
Apr AC Milan Rafael Leao
79%
Sep AC Milan Rafael Leao
79%
Feb Inter Milan Romelu Lukaku
79%
Mar Napoli Victor Osimhen
79%
Jan Napoli Victor Osimhen
79%
Mar Inter Milan Alessandro Bastoni
68%
Jan Napoli Andre-Frank Zambo Anguissa
68%
Jan Juventus Cristiano Ronaldo
68%
Nov Juventus Cristiano Ronaldo
68%
Dec AC Milan Christian Pulisic
63%
Oct Lazio Ciro Immobile
63%
Mar Napoli Lorenzo Insigne
58%
Oct Atalanta Mateo Retegui
58%
Nov Juventus Moise Kean
58%
Nov Fiorentina Moise Kean
58%
Jun Atalanta Alejandro Gomez
53%
Sep Atalanta Alejandro Gomez
53%
May Salernitana Boulaye Dia
53%
Dec AC Milan Hakan Calhanoglu
53%
Nov Inter Milan Hakan Calhanoglu
53%
Apr Atalanta Luis Muriel
53%
Dec Lazio Sergej Milinkovic-Savic
53%
Jan Lazio Sergej Milinkovic-Savic
53%
Mar Roma Artem Dovbyk
47%
Feb Lazio Luis Alberto
47%
Feb Juventus Randal Kolo Muani
47%
Sep Fiorentina Franck Ribery
42%
Sep Napoli Kalidou Koulibaly
42%
Sep Napoli Kim Min-jae
42%
May AC Milan Sandro Tonali
42%
Oct AC Milan Zlatan Ibrahimovic
42%
Jan Sassuolo Giacomo Raspadori
32%
Oct Hellas Verona Giovanni Simeone
32%
May Bologna Riccardo Calafiori
32%
Apr Inter Milan Marcelo Brozovic
16%
Nov Cagliari Radja Nainggolan
16%
May Atalanta Ruslan Malinovskyi
16%
Feb Atalanta Ruslan Malinovskyi
16%
No matching quizzes found
Score Distribution
Percent of People with Each Score
Percentile by Number Answered
Your Score History
You have not taken this quiz